Medicinal plants - important source of essential microelements

The purpose of this paper was to evaluate the concentration of some essential microelements (Fe, Mn, Zn and Cu) from the leaves of two plants: stinging nettle (Urtica dioica) and sage (Salvia officinalis), species of plants with multiple uses in the food and medical field due to their high content o...

Teljes leírás

Elmentve itt :
Bibliográfiai részletek
Szerzők: Velciov Ariana-Bianca
Cozma Antoanela
Petcov Andreea Adriana
Popescu Georgeta-Sofia
Stoin Daniela
Anghel Iasmina-Madalina
Riviş Adrian
Hadaruga Nicoleta-Gabriela
Rada Maria
Testületi szerző: 29th International Symposium on Analytical and Environmental Problems
Dokumentumtípus: Könyv része
Megjelent: University of Szeged Szeged 2023
Sorozat:Proceedings of the International Symposium on Analytical and Environmental Problems 29
Kulcsszavak:Mikroelemek - gyógynövények
Tárgyszavak:
Online Access:http://acta.bibl.u-szeged.hu/82481
LEADER 02137naa a2200325 i 4500
001 acta82481
005 20231127160707.0
008 231127s2023 hu o 1|| eng d
020 |a 978-963-306-963-9 
040 |a SZTE Egyetemi Kiadványok Repozitórium  |b hun 
041 |a eng 
100 1 |a Velciov Ariana-Bianca 
245 1 0 |a Medicinal plants - important source of essential microelements  |h [elektronikus dokumentum] /  |c  Velciov Ariana-Bianca 
260 |a University of Szeged  |b Szeged  |c 2023 
300 |a 365-367 
490 0 |a Proceedings of the International Symposium on Analytical and Environmental Problems  |v 29 
520 3 |a The purpose of this paper was to evaluate the concentration of some essential microelements (Fe, Mn, Zn and Cu) from the leaves of two plants: stinging nettle (Urtica dioica) and sage (Salvia officinalis), species of plants with multiple uses in the food and medical field due to their high content of compounds with beneficial action for organisms. Samples were obtained by washing, drying and calcination of fresh leaves. The results obtained by atomic absorption spectrometry regarding Mn, Fe, Zn and Cu concentration in sage and nettle leaves shows that the samples contains important amounts of essential microelements, Cu (1.72-1.87 mg/g), Fe (25.43-65.67 mg/g), Mn (7.86 – 9.30 mg/g), Zn (54.61 – 73.12 mg/g). The appreciable contents of essential microelements recommend the use of these plants as a supplementary source of essential elements. 
650 4 |a Természettudományok 
650 4 |a Kémiai tudományok 
695 |a Mikroelemek - gyógynövények 
700 0 1 |a Cozma Antoanela  |e aut 
700 0 1 |a Petcov Andreea Adriana  |e aut 
700 0 1 |a Popescu Georgeta-Sofia  |e aut 
700 0 1 |a Stoin Daniela  |e aut 
700 0 1 |a Anghel Iasmina-Madalina  |e aut 
700 0 1 |a Riviş Adrian  |e aut 
700 0 1 |a Hadaruga Nicoleta-Gabriela  |e aut 
700 0 1 |a Rada Maria  |e aut 
711 |a 29th International Symposium on Analytical and Environmental Problems  |c Szeged  |d 2023. november 13-14. 
856 4 0 |u http://acta.bibl.u-szeged.hu/82481/1/proceedings_of_isaep_2023_365-367.pdf  |z Dokumentum-elérés